000 00279nam a2200121Ia 4500
100 _aWilson/Frank W
942 _cBK
654 _aHandbook
245 _aManufacturing Planning & Estimating Handbook
260 _bMcGraw Hill
_aNEWYORK
_c1963
082 _a620
546 _aENGLISH
999 _c20522
_d20522